01100nam a2200253 i 450000100060000000300090000600500170001500700030003200800410003502000180007608000230009408000190011710000410013624501330017726001090031030000220041965100550044165100530049670000300054971000950057985200330067499900170070795201220072417889ES-MaACL20230906151715.0t|010614s2001 sp ||||1| spa d a84-95146-68-1 a355.48(460.31)"15" a946.0"1516/56"1 aPardo Molero, Juan Francisco.98900713aLa defensa del imperio b: Carlos V, Valencia y el Mediterráneo /cJuan Francisco Pardo Molero ; prólogo de Bernard Vincent. aMadrid : bSociedad Estatal para la Conmemoración de los Centenarios de Felipe II y Carlos V, c[2001] a451 p. ; c24 cm. 4aValencia (Reino)-xHistoria militar-yS.XVI.99505 4aEspaña-xHistoria-y1516-1556, Carlos I.982241 aVincent, Bernard.91153042 aSociedad Estatal para la Conmemoración de los Centenarios de Felipe II y Carlos V.96763 aES-MaACLjL-24611 bR.130041 c17889d17889 00104070aATENEOMbATENEOMcDEPO2d2008-01-17eSCl0oL-24611p1018270r2023-02-23 00:00:00w2023-02-23yMONOGRAFIA